000 00417nam a2200157 i 4500
001 26288
003 ES-MaACL
005 20230906153421.0
007 t|
008 030108s1961 sp ||||1| spa d
100 1 _aAvalos, Fernando.
_923991
245 1 0 _aEn plazo /
_cFernando Avalos.
260 _aBarcelona :
_b[s.n.,
_c1961] (
_fSeix Barral)
300 _a215 p. ;
_c18 cm.
852 _aES-MaACL
_jC-20135
_bR.48697
999 _c26288
_d26288